| 000 | 00693nam a2200157Ia 4500 | ||
|---|---|---|---|
| 008 | 220216s9999 xx 000 0 und d | ||
| 100 | _aChandy K.M. | ||
| 245 | 0 | _aDevelopment of rubber smallholdings in India | |
| 260 |
_bIn: Progress and development of rubber smallholders: Proceedings of the Second Seminar, 18-23 October 1976, Hat Yai, Thailand. (Eds. Ani bin Arope, J.W. Blencowe, Francis Chan and Lim Poh Loh). Association of Natural Rubber Producing Countries, Kuala Lumpur, Malaysia, pp. 199-210. _c1978 |
||
| 650 | _aIndian rubber industry | ||
| 650 | _aRubber plantation industry | ||
| 650 | _aRubber production | ||
| 650 | _aSmallholdings | ||
| 700 | _aMenon P.M. | ||
| 942 | _cBS | ||
| 999 |
_c52367 _d52367 |
||